000 00426nam a2200181Ia 4500
008 090124s9999 xx 000 0 und d
082 _b121680
100 _aकाकडे द.स.
245 _a मोहर
250 _a1
260 _c1986
300 _a228
600 _aकाकडे द.स.
630 _a मोहर
700 _aकाकडे द.स.
730 _a मोहर
942 _cBOOK
999 _c167766
_d167766